00512nam a2200205Ia 4500008004100000050000800041050001400049100002500063245004600088245002800134260001800162260002500180260000900205300001600214300002000230300001000250650001600260650001100276999001900287170712s9999 xx 000 0 und d a800 bT114 2007 aTabotabo, Claudio V. 2aA travel to the literature of the world / cby Claudio V. Tabotabo. aPhilippines : bNational Book Store, c2007 a361 pages : billustrations ; c22cm. aLiterature. aTitle. c340359d340359